Nařízení o účetníctví a statistice ve státních orgánech a ve státních zařízeních a v podnicích a v kombinátech z něm. orig. přeložil: Z. Pešek
Salvato in:
| Natura: | Libro |
|---|---|
| Lingua: | ceco |
| Pubblicazione: |
Praha
Výskumný ústav finanční a úvěrové soustavy
1979
|
| Tags: |
Nessun Tag, puoi essere il primo ad aggiungerne!!
|
MARC
| LEADER | 00000nam a2200000 4500 | ||
|---|---|---|---|
| 001 | 0222614 | ||
| 005 | 20240822101701.2 | ||
| 041 | 0 | |a cze | |
| 044 | |a CZ | ||
| 245 | 1 | 0 | |a Nařízení o účetníctví a statistice ve státních orgánech a ve státních zařízeních a v podnicích a v kombinátech |b z něm. orig. přeložil: Z. Pešek |
| 264 | 1 | |a Praha |b Výskumný ústav finanční a úvěrové soustavy |c 1979 | |
| 300 | |a 119 s. | ||